=LDR 00000nam 2200000 4500 =001 NUTBA000000000005268 =005 20141027110228.0 =006 =007 =008 =035 ##$$a 0010-101400000000498 =040 ##$$a NBPDMAT =090 ##$$a 372.8 $b Aru a =100 ##$$a Arum Puspita =245 ##$$a Aktivitas utama IPS untuk SMP/ MTs. kelas 7 semester 2/ $c Arum Puspita =260 ##$$a Jakarta : $b Puspita Widya Utama, $c 2010 =300 ##$$a 80 hlm. : $b ilus. ; $c 29 cm. =650 ##$$a IPS SMP - Soal dan latihan =850 ##$$a NBPDMAT